Ascensores, montacargas y escaleras mecánicas

Guardat en:
Dades bibliogràfiques
Autor principal: Annett, Fred A (Autor)
Format: Llibre
Idioma:espanyol
Publicat: Buenos Aires Hispano Americana S.A 1962
Matèries:
Etiquetes: Afegir etiqueta
Sense etiquetes, Sigues el primer a etiquetar aquest registre!

MARC

LEADER 00000nam a2200000 a 4500
001 UCI5788
003 CL-VaPUC
008 080411e19620000AG |||||||||||||||||spa|d
082 0 4 |a 621.877  |b ANN  |2 21 
100 0 |a Annett, Fred A  |e author  |9 528412 
245 1 0 |a Ascensores, montacargas y escaleras mecánicas 
300 |a 380 p 
942 |c BK 
945 |d 20080411 00:00:00  |a rbrito 
260 |a Buenos Aires  |b Hispano Americana S.A  |c 1962 
650 0 |a Ascensores  |9 267480 
650 7 |a MONTACARGAS  |2 CL-VaPUC  |9 528413 
650 7 |a ESCALERAS MECANICAS  |2 CL-VaPUC  |9 365151 
650 0 |a Motores eléctricos   |9 260085 
650 0 |a Rectificadores  |9 356877 
650 7 |a CONTROLADORES  |2 CL-VaPUC  |9 463802 
650 7 |a LUBRICACION  |2 CL-VaPUC  |9 364114 
583 |a last modification  |c 20080411 00:00:00  |k Rodrigo Vera 
999 |c 329478  |d 329476 
952 |0 0  |1 0  |4 0  |6 621_877000000000000_ANN_1962  |7 0  |8 A  |9 414243  |a BIBING  |b BIBING  |d 2019-11-22  |i 4424484  |l 2  |o 621.877 ANN 1962  |p 4424484  |r 2025-01-20  |s 2022-03-30  |w 2019-11-22  |y BK  |k CIC